000 00705nam a2200217 i 4500
001 91911
003 ES-MaACL
005 20251013105513.0
007 t|
008 050304s1910 sp |||| | spa d
080 _a821.134.2(728.5)-14"19"
100 1 _aDarío, Rubén,
_d1867-1916
_942720
245 1 0 _aPoema del otoño y otros poemas /
_cRubén Darío.
260 _aMadrid :
_bBiblioteca "Ateneo",
_c1910.
300 _a94 p. ;
_c19 cm.
530 _aDisponible también en sitio web.
852 _aES-MaACL
_jR-3103
_xOlim:F-6978
_cDEPO1
856 4 _uhttp://bdh-rd.bne.es/viewer.vm?id=0000095749&page=1
_yBiblioteca Digital Hispánica
942 _2udc
999 _c91911
_d91911